| 000 | 00623nam a22001817a 4500 | ||
|---|---|---|---|
| 999 |
_c15021 _d15021 |
||
| 008 | 200205b ||||| |||| 00| 0 eng d | ||
| 020 | _a978-621-427-044-6 | ||
| 082 |
_22019 _aDFil 658.3 _bB234 |
||
| 100 |
_aBarboza, Nemesio _941688 |
||
| 245 |
_aJob analysis & design/ _cNemesio Barboza and 2 others. |
||
| 260 |
_aManila: _bUnlimited Books Library Services & Publishing Inc., _c©2019. |
||
| 300 |
_ax, 196 pages: _billustrations; _c23 cm. |
||
| 500 | _aIncludes references. | ||
| 650 |
_aJob analysis _941737 |
||
| 700 |
_aViernes, Annaliza B. _941689 |
||
| 700 |
_aMontoya, Rome Sherriff G. _931477 |
||
| 942 |
_2ddc _cDFIL |
||